LEADER 01546nam 2200409 450 001 9910713063303321 005 20200320092537.0 035 $a(CKB)5470000002499569 035 $a(OCoLC)1145339391 035 $a(EXLCZ)995470000002499569 100 $a20200320d2018 ua 0 101 0 $aeng 135 $aur||||||||||| 181 $ctxt$2rdacontent 182 $cc$2rdamedia 183 $acr$2rdacarrier 200 10$a2020 Census: actions needed to improve in-field address canvassing operation $ereport to congressional requesters 210 1$a[Washington, D.C.] :$cUnited States Government Accountability Office,$d2018. 215 $a1 online resource (ii, 27 pages) $ccolor illustrations 300 $a"June 2018" 300 $a"GAO-18-414." 320 $aIncludes bibliographical references. 517 $a2020 Census 606 $aCensus takers (Persons)$xTraining of$zUnited States 606 $aCensus takers (Persons)$xRecruiting$zUnited States 606 $aLaptop computers$xGovernment policy$zUnited States 607 $aUnited States$xCensus, 2020$xData processing$xPlanning 607 $aUnited States$xCensus, 2020$xData processing$xMethodology 615 0$aCensus takers (Persons)$xTraining of 615 0$aCensus takers (Persons)$xRecruiting 615 0$aLaptop computers$xGovernment policy 801 0$bGPO 801 1$bGPO 906 $aBOOK 912 $a9910713063303321 996 $a2020 Census: actions needed to improve in-field address canvassing operation$93496927 997 $aUNINA LEADER 01335nam 2200493 a 450 001 9910777364103321 005 20210108081946.0 035 $a(CKB)1000000000000495 035 $a(OCoLC)70764345 035 $a(CaPaEBR)ebrary10005844 035 $a(SSID)ssj0000276767 035 $a(PQKBManifestationID)12096612 035 $a(PQKBTitleCode)TC0000276767 035 $a(PQKBWorkID)10226789 035 $a(PQKB)10641726 035 $a(MiAaPQ)EBC3386020 035 $a(EXLCZ)991000000000000495 100 $a20150424d2001 uy| 0 101 0 $aeng 135 $aur||||||||||| 181 $ctxt 182 $cc 183 $acr 200 10$aAlchemy and Alchemists$b[electronic resource] 210 $aHarpenden, GBR $cPocket Essentials$d2001 210 $cPocket Essentials 215 $a1 online resource (96 p.) 300 $aBibliographic Level Mode of Issuance: Monograph 311 $a1-903047-52-8 606 $aAlchemy 606 $aAlchemists 606 $aHISTORY$2bisac 606 $aMedieval$2bisac 615 0$aAlchemy. 615 0$aAlchemists. 615 7$aHISTORY 615 7$aMedieval 700 $aMartin$b Sean$0858153 801 0$bPQKB 801 2$bAzTeS 906 $aBOOK 912 $a9910777364103321 996 $aAlchemy and Alchemists$93744727 997 $aUNINA